|
|
|
|
| LEADER |
00000nam a22000007a 4500 |
| 005 |
20220627214720.0 |
| 007 |
cr|||| |||| |
| 008 |
220627s2022 cl |||||s|||| 00||0 spa d |
| 020 |
|
|
|a 978-956-286-088-8
|
| 035 |
|
|
|a 36608
|
| 040 |
|
|
|a vLex
|
| 090 |
|
|
|c 13468
|d 13468
|
| 245 |
0 |
0 |
|a Manual del litigante
|h [Recurso electrn̤ico] :
|b (tramitacin̤ y resolucin̤ de asuntos ante las cortes de apelaciones)
|
| 256 |
|
|
|a Servicio en ln̕ea
|
| 300 |
|
|
|a 1 recurso electrn̤ico
|
| 506 |
1 |
|
|a Disponible solo en los productos indicados
|d vLex Global
|d vLex Global (Academic Edition, excluding Law Schools)
|d vLex Global (U.S. Academic Edition, Law Schools)
|d vLex Global (U.S. Academic Edition, excluding Law Schools)
|d vLex Global (Academic Edition, Law Schools)
|
| 650 |
0 |
4 |
|a Derecho Procesal
|z Chile
|
| 740 |
0 |
|
|a vLex Libros (Servicio en ln̕ea)
|
| 856 |
4 |
0 |
|u https://app.vlex.com/#/sources/36608
|z Acceso restringido
|
| 942 |
|
|
|c BOOK
|
| 999 |
0 |
|
|a Procedural law
|